भारतीय राष्ट्रीय आन्दोलन की क्रन्तिकारी धाराएँ : (Record no. 215542)

MARC details
000 -LEADER
fixed length control field 00874nam a22001817a 4500
005 - DATE AND TIME OF LATEST TRANSACTION
control field 20260313171123.0
010 ## - LCCN (DPL NO)
LC control number BACHN26
020 ## - INTERNATIONAL STANDARD BOOK NUMBER
International Standard Book Number 9789348765703
Terms of availability 900.00
037 ## - SOURCE OF ACQUISITION
Source of stock number/acquisition सस्ता साहित्य मंडल प्रकाशन
082 ## - DEWEY DECIMAL CLASSIFICATION NUMBER
Edition number 1
Classification number 954.035
100 ## - MAIN ENTRY--PERSONAL NAME
Personal name शरण, लोकेश कुमार
245 ## - TITLE STATEMENT
Title भारतीय राष्ट्रीय आन्दोलन की क्रन्तिकारी धाराएँ :
Remainder of title 1857 ई. से 1947 ई. तक /
Statement of responsibility, etc लोकेश कुमार शरण
250 ## - EDITION STATEMENT
Edition statement 1
260 ## - PUBLICATION, DISTRIBUTION, ETC. (IMPRINT)
Name of publisher, distributor, etc सस्ता साहित्य मंडल प्रकाशन
Date of publication, distribution, etc 2026
Place of publication, distribution, etc नई दिल्ली
300 ## - PHYSICAL DESCRIPTION
Extent 372पृ.
Dimensions 24सेमी(साजिल्द)
500 ## - GENERAL NOTE
General note 1857 ई. से 1947 ई.
942 ## - ADDED ENTRY ELEMENTS (KOHA)
Source of classification or shelving scheme Dewey Decimal Classification
Call number suffix शरण
Item type Hindi Books
Classification part 954.035

No items available.


© Delhi Public Library
Hit Counter
free hit counter